000
00259pam a2200121 a 4500
020
_c
041
_a
eng
100
_a
Pemberten Mone.
245
_a
Pro Pracial
_h
Textual Documents
260
_a
New York
_b
Penguin Books Ltd
300
_a
310p.
930
_a
15264
999
_c
92164
_d
92164